Statistics for Most Streamed TV shows in in the UK

Click here to take the quiz!

General Stats

  • This quiz has been taken 132 times
  • The average score is 3 of 20

Answer Stats

Country of OriginOriginal BroadcastTV Show% Correct
United States1994-2004Friends
88%
United States2008-2013Breaking Bad
41%
United States2016-Stranger Things
34%
United States2007-The Big Bang Theory
26%
United States2013-Orange is the New Black
25%
United Kingdom2016-The Crown
20%
United Kingdom2013-Peaky Blinders
16%
United States2005-Grey's Anatomy
11%
United Kingdom2011-Black Mirror
10%
United States2013-Brooklyn Nine-Nine
6%
United States2017-Riverdale
5%
United States2011-Homeland
4%
United Kingdom2016-The Grand Tour
4%
Ireland/Canada2013-Vikings
4%
United States2016-Lucifer
3%
United States2016-The Good Place
3%
Canada2013-PAW Patrol
1%
United Kingdom2004-Peppa Pig
1%
United States2018-Altered Carbon
0%
United States2016-2018Designated Survivor
0%

Score Distribution

Percentile by Number Answered

Percent of People with Each Score

Your Score History

You have not taken this quiz